[Event "DEM U18 2016"]
[Site "Willingen GER"]
[Date "2016.05.17"]
[Round "4"]
[White "Schäfer, Marlon"]
[Black "Schmidt, Tobias"]
[Result "0-1"]
[Termination "normal"]
[Board "11"]
[WhiteElo "1733"]
[BlackElo "2221"]
[PlyCount "110"]
[WhiteFideId "16208773"]
[BlackFideId "1271683"]
[EventCountry "GER"]
[EventRounds "9"]
[EventType "swiss"]
[EventDate "2016.05.14"]

1. e4 e6 2. d3 d5 3. Nd2 Nf6 4. Ngf3 c5 5. g3 Nc6 6. Bg2 Be7 7. O-O O-O 8. e5
Nd7 9. Re1 b5 10. Nf1 a5 11. h4 b4 12. Bf4 a4 13. a3 bxa3 14. bxa3 Rb8 15. c4
Rb3 16. N1d2 Rxd3 17. Qc2 dxc4 18. Nxc4 Ndb8 19. Nd6 Ba6 20. Qxc5 Nxe5 21. Bxe5
Bxd6 22. Qc2 Bxe5 23. Nxe5 Rb3 24. Qe4 Qa5 25. h5 h6 26. g4 Bb7 27. Qf4 Bxg2
28. Kxg2 Qa8+ 29. Qe4 Na6 30. Nd7 Rd8 31. Qxa8 Rxa8 32. Re4 Rb7 33. Rd1 Rxd7
34. Rxd7 Nc5 35. Rdd4 Nxe4 36. Rxe4 Kf8 37. Kf3 Ke7 38. Rb4 Ra7 39. Ke4 Kf6 40.
Kd4 Kg5 41. Kc5 Rc7+ 42. Kb5 Rc2 43. Kxa4 Rxf2 44. Kb5 f5 45. gxf5 exf5 46. a4
f4 47. a5 f3 48. Ra4 Rb2+ 49. Kc4 f2 50. Ra1 Ra2 51. Rf1 Kg4 52. Kb3 Re2 53. a6
Kg3 54. Rc1 Re6 55. Rc7 f1=Q 0-1

[Event "DEM U18 2016"]
[Site "Willingen GER"]
[Date "2016.05.17"]
[Round "4"]
[White "Glagau, Lars"]
[Black "Petri, Ben-Luca"]
[Result "1/2-1/2"]
[Termination "normal"]
[Board "12"]
[WhiteElo "1447"]
[BlackElo "1694"]
[PlyCount "42"]
[WhiteFideId "16200390"]
[BlackFideId "12947261"]
[EventCountry "GER"]
[EventRounds "9"]
[EventType "swiss"]
[EventDate "2016.05.14"]

1. d4 Nf6 2. Nf3 g6 3. c4 d5 4. cxd5 Nxd5 5. e4 Nb6 6. Nc3 Bg7 7. h3 O-O 8. Be3
Nc6 9. Be2 e5 10. dxe5 Nxe5 11. Nxe5 Bxe5 12. Qc2 Qf6 13. O-O Be6 14. f4 Bd4
15. Bxd4 Qxd4+ 16. Kh1 f5 17. e5 Qc5 18. Rac1 c6 19. Rcd1 Rad8 20. Qc1 Kg7 21.
b3 Qb4 1/2-1/2

[Event "DEM U18 2016"]
[Site "Willingen GER"]
[Date "2016.05.17"]
[Round "5"]
[White "Riehle, Marco"]
[Black "Gretz, Denis"]
[Result "0-1"]
[Termination "normal"]
[Board "2"]
[WhiteElo "2271"]
[BlackElo "2316"]
[WhiteClock "01:06:08"]
[BlackClock "00:12:40"]
[PlyCount "66"]
[WhiteFideId "12904392"]
[BlackFideId "12945188"]
[EventCountry "GER"]
[EventRounds "9"]
[EventType "swiss"]
[EventDate "2016.05.14"]

1. e4 c5 2. Nf3 d6 3. d4 cxd4 4. Nxd4 Nf6 5. f3 e5 6. Nb3 Be6 7. c4 a5 8. Be3
a4 9. N3d2 Qa5 10. Be2 Be7 11. Na3 O-O 12. O-O Bd8 13. Kh1 Bb6 14. c5 Bxc5 15.
Ndc4 Bxc4 16. Nxc4 Qc7 17. Rc1 Bxe3 18. Nxe3 Nc6 19. Nf5 Qd7 20. Qxd6 Rad8 21.
Qxd7 Rxd7 22. Bb5 Rd2 23. Bxa4 Rxb2 24. Bxc6 bxc6 25. Ne7+ Kh8 26. a4 Ra8 27.
Nxc6 Rxa4 28. Nxe5 g6 29. Nxf7+ Kg8 30. Ne5 Raa2 31. Rg1 Nh5 32. Nd3 Rb5 33.
Ra1 Ng3+ 0-1

[Event "DEM U18 2016"]
[Site "Willingen GER"]
[Date "2016.05.17"]
[Round "5"]
[White "Ehmann, Thilo"]
[Black "Engert, Marvin"]
[Result "0-1"]
[Termination "normal"]
[Board "3"]
[WhiteElo "2305"]
[BlackElo "1909"]
[WhiteClock "01:02:55"]
[BlackClock "00:05:06"]
[PlyCount "68"]
[WhiteFideId "12940968"]
[BlackFideId "12901164"]
[EventCountry "GER"]
[EventRounds "9"]
[EventType "swiss"]
[EventDate "2016.05.14"]

1. e4 c5 2. Nf3 Nc6 3. d4 cxd4 4. Nxd4 Nf6 5. Nc3 e5 6. Ndb5 d6 7. Bg5 a6 8.
Na3 b5 9. Nd5 Be7 10. Bxf6 Bxf6 11. c3 O-O 12. Nc2 Rb8 13. h4 g6 14. g3 Bg7 15.
h5 Ne7 16. Nce3 f5 17. hxg6 hxg6 18. exf5 Nxf5 19. Nxf5 Bxf5 20. Bg2 a5 21. a3
Qd7 22. Ne3 Be6 23. Be4 Qf7 24. Rh2 d5 25. Bxd5 Rfd8 26. f3 Bxd5 27. Rd2 Qxf3
28. Nxd5 Qxg3+ 29. Ke2 Rxd5 30. Rxd5 Rf8 31. Qh1 Rf2+ 32. Kd1 Qg4+ 33. Kc1 Qf4+
34. Kb1 Rf1+ 0-1

[Event "DEM U18 2016"]
[Site "Willingen GER"]
[Date "2016.05.17"]
[Round "5"]
[White "Pfreundt, Jakob"]
[Black "Gabler, Eric"]
[Result "1-0"]
[Termination "normal"]
[Board "4"]
[WhiteElo "2248"]
[BlackElo "1992"]
[WhiteClock "00:03:32"]
[BlackClock "00:01:15"]
[PlyCount "143"]
[WhiteFideId "12918156"]
[BlackFideId "12949841"]
[EventCountry "GER"]
[EventRounds "9"]
[EventType "swiss"]
[EventDate "2016.05.14"]

1. e4 c5 2. Nf3 Nc6 3. d4 cxd4 4. Nxd4 Nf6 5. Nc3 e5 6. Ndb5 d6 7. Bg5 a6 8.
Na3 b5 9. Nd5 Be7 10. Bxf6 Bxf6 11. c4 b4 12. Nc2 a5 13. g3 Bg5 14. Bg2 Be6 15.
O-O Rc8 16. Qd3 Ne7 17. Nde3 Qb6 18. b3 Bxe3 19. Nxe3 O-O 20. Rad1 Rcd8 21. Nf5
Nc8 22. Kh1 g6 23. Ne3 Ne7 24. f4 exf4 25. gxf4 f5 26. Nd5 Bxd5 27. exd5 Nc8
28. Rde1 Rf7 29. Re6 Qc7 30. Rfe1 Rdf8 31. Qd4 Nb6 32. c5 dxc5 33. Qe5 Qxe5 34.
fxe5 Nd7 35. Rc6 Re7 36. e6 Rfe8 37. d6 Rxe6 38. Bd5 Kf7 39. Rc7 Kf6 40. Rxe6+
Rxe6 41. Rxd7 Re1+ 42. Kg2 Rd1 43. Bg8 h6 44. Rf7+ Ke6 45. Ra7+ Kxd6 46. Rxa5
g5 47. Bh7 f4 48. Ra6+ Ke5 49. Rxh6 Rd2+ 50. Kf3 Rxa2 51. Bg8 Rc2 52. Bc4 Kd4
53. Rd6+ Kc3 54. h3 Kb2 55. Rd5 Rc3+ 56. Ke2 Re3+ 57. Kf2 Rxh3 58. Rxg5 Rh7 59.
Rxc5 Re7 60. Kf3 Kc3 61. Kxf4 Re1 62. Bg8+ Kb2 63. Bd5 Re7 64. Rc4 Ka3 65. Re4
Rd7 66. Ke5 Rc7 67. Kd4 Rc1 68. Be6 Rc2 69. Bc4 Rd2+ 70. Kc5 Rd8 71. Re6 Ra8
72. Kb5 1-0

[Event "DEM U18 2016"]
[Site "Willingen GER"]
[Date "2016.05.17"]
[Round "5"]
[White "Sabirov, Ramil"]
[Black "Borchert, René"]
[Result "1/2-1/2"]
[Termination "normal"]
[Board "6"]
[WhiteElo "2043"]
[BlackElo "2174"]
[WhiteClock "00:29:03"]
[BlackClock "00:22:38"]
[PlyCount "44"]
[WhiteFideId "12900303"]
[BlackFideId "12990671"]
[EventCountry "GER"]
[EventRounds "9"]
[EventType "swiss"]
[EventDate "2016.05.14"]

1. b3 d5 2. Bb2 Bf5 3. Nf3 e6 4. g3 Nf6 5. Bg2 Be7 6. O-O h6 7. d3 O-O 8. Nbd2
c6 9. Ne5 Nbd7 10. e4 Bh7 11. Nxd7 Nxd7 12. Qe2 dxe4 13. dxe4 Bf6 14. Bxf6 Qxf6
15. Nc4 e5 16. a4 Qe7 17. Rfd1 Rfd8 18. a5 Nc5 19. b4 Na6 20. c3 Nc7 21. Ne3
Nb5 22. Qc4 Qc7 1/2-1/2

[Event "DEM U18 2016"]
[Site "Willingen GER"]
[Date "2016.05.17"]
[Round "5"]
[White "Reitz, Philipp"]
[Black "Peters, Tom"]
[Result "0-1"]
[Termination "normal"]
[Board "9"]
[WhiteElo "1831"]
[BlackElo "1979"]
[PlyCount "86"]
[WhiteFideId "12973297"]
[BlackFideId "24694444"]
[EventCountry "GER"]
[EventRounds "9"]
[EventType "swiss"]
[EventDate "2016.05.14"]

1. d4 Nf6 2. Nf3 g6 3. Nbd2 d5 4. b4 Bg7 5. e3 O-O 6. Bb2 b6 7. c4 Bb7 8. Bd3
e6 9. O-O Nbd7 10. b5 Ne4 11. Qc2 Nxd2 12. Nxd2 dxc4 13. Nxc4 Re8 14. Be4 Bxe4
15. Qxe4 Qg5 16. Qc6 Red8 17. Nd2 Rac8 18. Nf3 Qh5 19. a4 Nc5 20. dxc5 Bxb2 21.
Ra2 Bf6 22. Rc1 bxc5 23. h3 Be7 24. Qb7 Qd5 25. Qxd5 exd5 26. Ne5 d4 27. Nc6
Rd7 28. Rd2 Bf8 29. Rc4 d3 30. Nxa7 Re8 31. Nc6 f5 32. Rc3 Bg7 33. Rcxd3 Rxd3
34. Rxd3 c4 35. Rd7 c3 36. Rxc7 Ra8 37. b6 c2 38. Ne7+ Kf8 39. b7 Rb8 40. Rxc2
Rxb7 41. Nd5 Be5 42. Rc8+ Kf7 43. Ra8 Rb1# 0-1

[Event "DEM U18 2016"]
[Site "Willingen GER"]
[Date "2016.05.17"]
[Round "5"]
[White "Schnabel, Bennett"]
[Black "Mierzwa, Robert"]
[Result "1/2-1/2"]
[Termination "normal"]
[Board "10"]
[WhiteElo "2047"]
[BlackElo "1976"]
[PlyCount "95"]
[WhiteFideId "12943290"]
[BlackFideId "12918113"]
[EventCountry "GER"]
[EventRounds "9"]
[EventType "swiss"]
[EventDate "2016.05.14"]

1. e4 e5 2. Nf3 Nc6 3. Bb5 a6 4. Bxc6 dxc6 5. O-O f6 6. d4 exd4 7. Nxd4 c5 8.
Nb3 Qxd1 9. Rxd1 Bg4 10. f3 Be6 11. Nc3 Bd6 12. a4 b6 13. a5 b5 14. Be3 c4 15.
Nc5 Kf7 16. Nxe6 Kxe6 17. Ne2 Ne7 18. Kf2 Rad8 19. h4 h5 20. f4 Kf7 21. Kf3 Nc6
22. c3 g6 23. Nd4 Nb8 24. Re1 Nd7 25. Nc6 Rde8 26. Bd4 Re6 27. e5 fxe5 28. fxe5
Bc5 29. Rad1 Rf8 30. Nb4 Bxb4 31. cxb4 Ke7+ 32. Kg3 Rf5 33. Re2 Kf7 34. Rde1
Nb8 35. Rf2 Rxf2 36. Kxf2 Nc6 37. Bc3 Re8 38. Kf3 Ke6 39. Ke4 Ne7 40. Rf1 Nf5
41. Rf3 Rd8 42. g3 Rd1 43. Kf4 Rg1 44. Kg5 Rg2 45. Kf4 Kd5 46. Kg5 Ke6 47. Kf4
Kd5 48. Kg5 1/2-1/2

[Event "DEM U18 2016"]
[Site "Willingen GER"]
[Date "2016.05.17"]
[Round "5"]
[White "Bugdahl, Felix"]
[Black "Petri, Ben-Luca"]
[Result "1/2-1/2"]
[Termination "normal"]
[Board "11"]
[WhiteElo "1826"]
[BlackElo "1694"]
[PlyCount "54"]
[WhiteFideId "12938092"]
[BlackFideId "12947261"]
[EventCountry "GER"]
[EventRounds "9"]
[EventType "swiss"]
[EventDate "2016.05.14"]

1. e4 e6 2. d4 d5 3. exd5 exd5 4. Nf3 Bd6 5. Bd3 Ne7 6. Nc3 c6 7. Be3 Bg4 8. h3
Bh5 9. Qd2 Qc7 10. O-O-O Nd7 11. Rde1 O-O-O 12. Nh4 Bg6 13. Nxg6 Nxg6 14. g3
Rde8 15. Rhf1 Rhf8 16. Ne2 f5 17. Nf4 Nh8 18. h4 g6 19. Nh3 Nf7 20. Bf4 Nf6 21.
Rxe8+ Rxe8 22. Re1 Rxe1+ 23. Qxe1 Qe7 24. Qxe7 Bxe7 25. f3 Kd7 26. c4 Ke6 27.
Kd2 Bb4+ 1/2-1/2

[Event "DEM U18 2016"]
[Site "Willingen GER"]
[Date "2016.05.17"]
[Round "5"]
[White "Glagau, Lars"]
[Black "Schäfer, Marlon"]
[Result "0-1"]
[Termination "normal"]
[Board "12"]
[WhiteElo "1447"]
[BlackElo "1733"]
[PlyCount "90"]
[WhiteFideId "16200390"]
[BlackFideId "16208773"]
[EventCountry "GER"]
[EventRounds "9"]
[EventType "swiss"]
[EventDate "2016.05.14"]

1. d4 d5 2. Nf3 Nc6 3. c4 Bg4 4. e3 e5 5. dxe5 dxc4 6. Qxd8+ Rxd8 7. Bxc4 Nxe5
8. Be2 Bxf3 9. gxf3 Bb4+ 10. Bd2 Bxd2+ 11. Nxd2 Nf6 12. Nc4 Nxc4 13. Bxc4 O-O
14. Ke2 b5 15. Bxb5 Rb8 16. a4 c6 17. Bc4 Rxb2+ 18. Kf1 Rd8 19. Kg2 Rdd2 20.
Rhf1 g6 21. Kg3 a5 22. h3 Nd5 23. Bxd5 cxd5 24. Rad1 Kg7 25. Rxd2 Rxd2 26. Kf4
Ra2 27. Ke5 Rxa4 28. Kxd5 Rh4 29. Rh1 Ra4 30. Kc5 Ra2 31. Rf1 Kf6 32. h4 Ke5
33. Kc4 Ra4+ 34. Kb5 Rxh4 35. Kxa5 Rh2 36. Kb5 h5 37. Kc4 Rh3 38. f4+ Ke4 39.
Kc3 Kf3 40. Kd2 h4 41. Kd1 Kg2 42. Ke1 Rf3 43. Ke2 h3 44. Ke1 h2 45. Ke2 Rh3
0-1

[Event "DEM U18 2016"]
[Site "Willingen GER"]
[Date "2016.05.18"]
[Round "6"]
[White "Gretz, Denis"]
[Black "Keller, Peter"]
[Result "1/2-1/2"]
[Termination "normal"]
[Board "1"]
[BlackTitle "FM"]
[WhiteElo "2316"]
[BlackElo "2285"]
[WhiteClock "00:27:26"]
[BlackClock "00:17:47"]
[PlyCount "42"]
[WhiteFideId "12945188"]
[BlackFideId "1272105"]
[EventCountry "GER"]
[EventRounds "9"]
[EventType "swiss"]
[EventDate "2016.05.14"]

1. e4 e5 2. Nf3 Nc6 3. Bc4 Nf6 4. d3 Be7 5. O-O O-O 6. c3 d6 7. Bb3 Na5 8. Bc2
c5 9. Re1 Nc6 10. Nbd2 Be6 11. h3 h6 12. Nf1 Qc7 13. Ng3 Rfe8 14. Nh2 d5 15.
Ng4 d4 16. Nf5 Qd8 17. Ba4 Nxg4 18. Qxg4 Bg5 19. Bxg5 hxg5 20. Bxc6 bxc6 21.
Qe2 g6 1/2-1/2

[Event "DEM U18 2016"]
[Site "Willingen GER"]
[Date "2016.05.18"]
[Round "6"]
[White "Pfreundt, Jakob"]
[Black "Grigorian, Spartak"]
[Result "0-1"]
[Termination "normal"]
[Board "2"]
[WhiteElo "2248"]
[BlackElo "2304"]
[WhiteClock "00:06:05"]
[BlackClock "00:17:08"]
[PlyCount "98"]
[WhiteFideId "12918156"]
[BlackFideId "24661490"]
[EventCountry "GER"]
[EventRounds "9"]
[EventType "swiss"]
[EventDate "2016.05.14"]

1. e4 c5 2. Nf3 d6 3. d4 cxd4 4. Nxd4 Nf6 5. Nc3 Nc6 6. Nb3 e6 7. Be3 Be7 8.
Be2 O-O 9. O-O Qc7 10. f4 a6 11. a4 b6 12. Qe1 Re8 13. Qf2 Rb8 14. Bf3 Na5 15.
Nd2 Bf8 16. Rae1 Nd7 17. Bh5 b5 18. axb5 axb5 19. f5 Ne5 20. fxe6 Bxe6 21. Nd5
Bxd5 22. exd5 Nac4 23. Bd4 Nxd2 24. Qxd2 g6 25. Be2 Bg7 26. Ra1 Qb7 27. Bxe5
Bxe5 28. Ra3 Rec8 29. Raf3 Rc7 30. c3 Ra8 31. Qd3 b4 32. Qb5 Qxb5 33. Bxb5 bxc3
34. bxc3 Bxc3 35. Bc6 Bd4+ 36. Kh1 Ra2 37. Rb3 Re7 38. Rb8+ Kg7 39. Re8 Rea7
40. Bb5 Rb2 41. Be2 Be5 42. Bf3 Rf2 43. Rd1 Raa2 44. h3 Rad2 45. Re1 Kf6 46.
Ra8 h5 47. Ra3 g5 48. Rae3 Kg6 49. R3e2 Rfxe2 0-1

[Event "DEM U18 2016"]
[Site "Willingen GER"]
[Date "2016.05.18"]
[Round "6"]
[White "Beeck, Mats"]
[Black "Engert, Marvin"]
[Result "0-1"]
[Termination "normal"]
[Board "3"]
[WhiteElo "2114"]
[BlackElo "1909"]
[WhiteClock "00:03:17"]
[BlackClock "00:03:13"]
[PlyCount "62"]
[WhiteFideId "12936944"]
[BlackFideId "12901164"]
[EventCountry "GER"]
[EventRounds "9"]
[EventType "swiss"]
[EventDate "2016.05.14"]

1. d4 Nf6 2. Nf3 g6 3. c4 Bg7 4. Nc3 O-O 5. e4 d6 6. Be2 Nbd7 7. O-O e5 8. Qc2
Ne8 9. Rd1 c6 10. Rb1 Qe7 11. Bg5 f6 12. Bh4 Qf7 13. b4 h6 14. c5 exd4 15. Rxd4
Qe7 16. cxd6 Nxd6 17. Rbd1 Nf7 18. e5 Ndxe5 19. Nxe5 Nxe5 20. f4 Bf5 21. Qd2
Nf7 22. Bc4 Kh7 23. h3 h5 24. Ne2 Rae8 25. Bf2 Bc8 26. Ng3 f5 27. Rd7 Bxd7 28.
Bc5 Qf6 29. Bxf8 Bxf8 30. Qxd7 Re7 31. Qc8 Nd6 0-1

[Event "DEM U18 2016"]
[Site "Willingen GER"]
[Date "2016.05.18"]
[Round "6"]
[White "Borchert, René"]
[Black "Gschnitzer, Adrian"]
[Result "0-1"]
[Termination "normal"]
[Board "4"]
[WhiteElo "2174"]
[BlackElo "2258"]
[WhiteClock "00:12:00"]
[BlackClock "00:25:10"]
[PlyCount "54"]
[WhiteFideId "12990671"]
[BlackFideId "1270337"]
[EventCountry "GER"]
[EventRounds "9"]
[EventType "swiss"]
[EventDate "2016.05.14"]

1. e4 c5 2. c3 d5 3. exd5 Qxd5 4. d4 Nf6 5. Nf3 Bg4 6. Qa4+ Nc6 7. Bc4 Qd7 8.
Be3 Bxf3 9. gxf3 cxd4 10. cxd4 e6 11. Nc3 Rd8 12. O-O-O Nd5 13. Nxd5 exd5 14.
Bd3 Be7 15. Rhg1 O-O 16. Kb1 Kh8 17. h4 a6 18. Bg5 f6 19. Be3 b5 20. Qc2 Nb4
21. Qd2 Nxd3 22. Qxd3 Rc8 23. h5 Bd8 24. Rg2 Qe6 25. Rdg1 Rc7 26. Bd2 Re8 27.
Re1 Qxe1+ 0-1

[Event "DEM U18 2016"]
[Site "Willingen GER"]
[Date "2016.05.18"]
[Round "6"]
[White "Ehmann, Thilo"]
[Black "Sabirov, Ramil"]
[Result "1-0"]
[Termination "normal"]
[Board "5"]
[WhiteElo "2305"]
[BlackElo "2043"]
[WhiteClock "00:14:29"]
[BlackClock "00:02:24"]
[PlyCount "109"]
[WhiteFideId "12940968"]
[BlackFideId "12900303"]
[EventCountry "GER"]
[EventRounds "9"]
[EventType "swiss"]
[EventDate "2016.05.14"]

1. e4 c5 2. Nf3 Nc6 3. d4 cxd4 4. Nxd4 Qb6 5. Nb3 Nf6 6. Nc3 e6 7. Be3 Qc7 8.
a3 a6 9. f4 d6 10. Be2 Be7 11. O-O O-O 12. Bf3 b5 13. Qe2 Bb7 14. Rad1 Rfe8 15.
Qf2 Bf8 16. Rd2 Rac8 17. Rfd1 Qb8 18. g4 Ba8 19. g5 Nd7 20. Ne2 b4 21. a4 Qc7
22. e5 d5 23. Nbd4 Nxd4 24. Nxd4 Nc5 25. b3 Ne4 26. Bxe4 dxe4 27. Ne2 Bd5 28.
Ng3 Qb8 29. Qe2 Qb7 30. Qf2 Rc3 31. Ne2 Rc7 32. f5 Rd7 33. Nf4 g6 34. fxg6 fxg6
35. h4 Bg7 36. h5 Bxe5 37. hxg6 hxg6 38. Nxg6 Bc3 39. Re2 Rg7 40. Nh4 Rf8 41.
Qg3 Qe7 42. Rg2 Qc7 43. Qg4 Qe5 44. Rg3 Bb2 45. Rh3 Rc8 46. Qh5 Rh7 47. Qxh7+
Kxh7 48. Nf3+ Kg7 49. Nxe5 Bxe5 50. Bd4 Bxd4+ 51. Rxd4 a5 52. Rd2 Rc3 53. Rxc3
bxc3 54. Re2 Kg6 55. Re3 1-0

[Event "DEM U18 2016"]
[Site "Willingen GER"]
[Date "2016.05.18"]
[Round "6"]
[White "Peters, Tom"]
[Black "Riehle, Marco"]
[Result "0-1"]
[Termination "normal"]
[Board "6"]
[WhiteElo "1979"]
[BlackElo "2271"]
[WhiteClock "00:13:16"]
[BlackClock "01:00:29"]
[PlyCount "94"]
[WhiteFideId "24694444"]
[BlackFideId "12904392"]
[EventCountry "GER"]
[EventRounds "9"]
[EventType "swiss"]
[EventDate "2016.05.14"]

1. e4 e5 2. Bc4 Bc5 3. Nf3 Nc6 4. c3 Nf6 5. d3 a6 6. Bb3 Ba7 7. Nbd2 O-O 8. h3
d5 9. Qe2 Be6 10. Nf1 b5 11. Ng3 h6 12. O-O dxe4 13. dxe4 Bxb3 14. axb3 Qe7 15.
b4 Qe6 16. Kh1 Ne7 17. Be3 Ng6 18. Bxa7 Rxa7 19. Nf5 Raa8 20. Rfd1 Nf4 21. Qe3
Rfd8 22. Kh2 Kh7 23. g3 Ng6 24. N3h4 Nxh4 25. Nxh4 Qc4 26. f3 Rxd1 27. Rxd1 a5
28. bxa5 Rxa5 29. g4 Ra2 30. Rd2 Qf1 31. Rf2 Qb1 32. Qd2 Ra1 33. Kg3 g6 34. Qd8
Kg7 35. Qxc7 Qg1+ 36. Ng2 h5 37. Rd2 h4+ 38. Kxh4 Qh2 39. f4 Rh1 40. Rd3 Qxg2
41. Qxe5 Qxe4 42. Re3 Qxe5 43. Rxe5 Rg1 44. Rxb5 Ne4 45. Rd5 Rf1 46. Rd4 Rxf4
47. b4 Kh6 0-1

[Event "DEM U18 2016"]
[Site "Willingen GER"]
[Date "2016.05.18"]
[Round "6"]
[White "Gabler, Eric"]
[Black "Schmidt, Tobias"]
[Result "1/2-1/2"]
[Termination "normal"]
[Board "7"]
[WhiteElo "1992"]
[BlackElo "2221"]
[PlyCount "210"]
[WhiteFideId "12949841"]
[BlackFideId "1271683"]
[EventCountry "GER"]
[EventRounds "9"]
[EventType "swiss"]
[EventDate "2016.05.14"]

1. d4 e6 2. c4 Nf6 3. Nc3 d5 4. Bg5 dxc4 5. e3 Be7 6. Bxc4 O-O 7. Nf3 a6 8. a4
Nbd7 9. O-O c5 10. Qe2 cxd4 11. exd4 Nb6 12. Bb3 Nbd5 13. Rfd1 b6 14. Nxd5 exd5
15. Ne5 Bb7 16. Rac1 Qd6 17. Bc2 Rfe8 18. Bf5 g6 19. Bd3 Ne4 20. Bf4 Bg5 21.
Bxg5 Nxg5 22. Qd2 Ne6 23. Nf3 Rac8 24. Bf1 Kg7 25. Rxc8 Rxc8 26. Rc1 Rxc1 27.
Qxc1 Qb4 28. Qe3 Qd6 29. Qc3 Qf4 30. b4 Qd6 31. a5 Qc7 32. Qxc7 Nxc7 33. axb6
Na8 34. Ne5 Nxb6 35. Nd3 Nd7 36. f3 Bc8 37. Kf2 Kf6 38. Ke3 Ke7 39. Nc5 Nb8 40.
h4 h6 41. g3 Kd6 42. b5 axb5 43. Bxb5 g5 44. f4 f6 45. fxg5 fxg5 46. Kf3 Ke7
47. Nd3 Kf6 48. Ne5 Kg7 49. Ke3 gxh4 50. gxh4 Kf6 51. Kf4 Be6 52. Ng4+ Kg6 53.
Be8+ Kg7 54. Ne3 Kf6 55. Bb5 Bf7 56. Ng4+ Kg7 57. Kf5 Bg8 58. Ne3 Bh7+ 59. Ke5
Kg6 60. Bd3+ Kh5 61. Bxh7 Nc6+ 62. Kxd5 Nxd4 63. Kxd4 Kxh4 64. Ke4 Kg5 65. Bf5
h5 66. Bc8 h4 67. Bd7 h3 68. Bxh3 Kh4 69. Be6 Kg5 70. Nd5 Kh5 71. Kf4 Kg6 72.
Kg4 Kh6 73. Nf4 Kg7 74. Kg5 Kh7 75. Kf6 Kh6 76. Bf7 Kh7 77. Nd5 Kh8 78. Ne3 Kh7
79. Nf5 Kh8 80. Bg6 Kg8 81. Bf7+ Kh8 82. Be8 Kh7 83. Kg5 Kh8 84. Kg6 Kg8 85.
Bb5 Kh8 86. Nd6 Kg8 87. Nf7 Kf8 88. Kf6 Kg8 89. Bd3 Kf8 90. Bh7 Ke8 91. Bf5 Kf8
92. Nh6 Ke8 93. Be6 Kd8 94. Nf5 Kc7 95. Ke5 Kc6 96. Kd4 Kb5 97. Bc4+ Kc6 98.
Bd3 Kd7 99. Ke5 Ke8 100. Ke6 Kf8 101. Kf6 Kg8 102. Kg6 Kh8 103. Kh6 Kg8 104.
Bb5 Kh8 105. Bc6 Kg8 1/2-1/2

[Event "DEM U18 2016"]
[Site "Willingen GER"]
[Date "2016.05.18"]
[Round "6"]
[White "Schnabel, Bennett"]
[Black "Boes, Julian"]
[Result "1/2-1/2"]
[Termination "normal"]
[Board "8"]
[WhiteElo "2047"]
[BlackElo "2231"]
[PlyCount "222"]
[WhiteFideId "12943290"]
[BlackFideId "12907723"]
[EventCountry "GER"]
[EventRounds "9"]
[EventType "swiss"]
[EventDate "2016.05.14"]

1. e4 e6 2. d4 d5 3. Nd2 c5 4. exd5 Qxd5 5. Ngf3 cxd4 6. Bc4 Qd6 7. O-O Nf6 8.
Nb3 Nc6 9. Nbxd4 Nxd4 10. Qxd4 Qxd4 11. Nxd4 a6 12. Be2 Bd6 13. c4 O-O 14. Be3
e5 15. Nb3 Re8 16. h3 e4 17. Nc5 Bc7 18. Na4 Nd7 19. Rfd1 f5 20. Nc3 Nf6 21.
Nd5 Nxd5 22. cxd5 Bd6 23. Rac1 Bd7 24. Bc5 Be5 25. Bd4 Bxd4 26. Rxd4 Rac8 27.
Rxc8 Rxc8 28. Bc4 b5 29. Bb3 Kf7 30. Kf1 Kf6 31. Rd2 Rc1+ 32. Ke2 b4 33. d6 Rc5
34. f4 Rc8 35. Ke3 g5 36. g3 gxf4+ 37. gxf4 Rc1 38. Rd4 Rh1 39. Rxb4 Rxh3+ 40.
Ke2 Bb5+ 41. Bc4 Bxc4+ 42. Rxc4 Rh2+ 43. Ke3 Rxb2 44. Rd4 Rb8 45. d7 Rd8 46.
Rd6+ Ke7 47. Rxa6 Rxd7 48. Rh6 Kf8 49. Rh5 Rf7 50. Kd4 Kg7 51. Ke5 h6 52. Rh1
e3 53. Rg1+ Kf8 54. Re1 e2 55. Kd6 Re7 56. a4 h5 57. a5 h4 58. a6 h3 59. a7
Rxa7 60. Rxe2 Rh7 61. Rh2 Kf7 62. Ke5 Rh5 63. Kd4 Ke6 64. Ke3 Kd5 65. Kd3 Rh8
66. Ke3 Kc4 67. Rc2+ Kb3 68. Rh2 Kc3 69. Ke2 Kd4 70. Kf3 Kd3 71. Rh1 h2 72.
Rd1+ Kc2 73. Rh1 Kd2 74. Kf2 Kd3 75. Kf3 Rh3+ 76. Kg2 Rh4 77. Kg3 Rg4+ 78. Kf3
Rg1 79. Rxh2 Rf1+ 80. Kg3 Ke3 81. Ra2 Rg1+ 82. Kh2 Rg8 83. Ra4 Kf2 84. Ra2+ Kf3
85. Ra4 Rh8+ 86. Kg1 Re8 87. Kf1 Re3 88. Rb4 Ra3 89. Kg1 Re3 90. Kf1 Rc3 91.
Kg1 Rd3 92. Ra4 Rb3 93. Rc4 Rb1+ 94. Kh2 Rb2+ 95. Kg1 Rb1+ 96. Kh2 Rb2+ 97. Kg1
Ra2 98. Rb4 Ra1+ 99. Kh2 Re1 100. Ra4 Re2+ 101. Kg1 Re3 102. Kf1 Re8 103. Rb4
Rh8 104. Kg1 Rg8+ 105. Kf1 Rg4 106. Ra4 Rxf4 107. Rxf4+ Kxf4 108. Kf2 Kg4 109.
Kg2 f4 110. Kf2 f3 111. Kf1 Kg3 1/2-1/2

[Event "DEM U18 2016"]
[Site "Willingen GER"]
[Date "2016.05.18"]
[Round "6"]
[White "Schäfer, Marlon"]
[Black "Mierzwa, Robert"]
[Result "0-1"]
[Termination "normal"]
[Board "9"]
[WhiteElo "1733"]
[BlackElo "1976"]
[PlyCount "84"]
[WhiteFideId "16208773"]
[BlackFideId "12918113"]
[EventCountry "GER"]
[EventRounds "9"]
[EventType "swiss"]
[EventDate "2016.05.14"]

1. e4 e5 2. Nf3 Nc6 3. Bc4 Bc5 4. c3 Nf6 5. d3 a6 6. O-O d6 7. Bb3 Ba7 8. Re1
h6 9. Nbd2 O-O 10. h3 Be6 11. Nf1 Re8 12. N3h2 d5 13. Qf3 dxe4 14. dxe4 Bxb3
15. axb3 Qd6 16. Ng4 Nxg4 17. hxg4 Rad8 18. Ng3 Ne7 19. Nf5 Nxf5 20. gxf5 Rd7
21. Qg4 Red8 22. g3 Qf6 23. Kg2 Rd3 24. Rh1 Kf8 25. b4 Bb6 26. Rh5 Qc6 27. c4
R8d4 28. f6 Qxf6 29. c5 Ba7 30. Rf5 Qe6 31. c6 Rxb4 32. Qh4 Bc5 33. Ra5 Be7 34.
Raxe5 Qxe5 35. Rxe5 Bxh4 36. gxh4 bxc6 37. Ra5 Rxe4 38. Rxa6 Rg4+ 39. Kh2 Rxh4+
40. Kg2 Rg4+ 41. Kh2 Rd5 42. Kh3 Rg1 0-1

[Event "DEM U18 2016"]
[Site "Willingen GER"]
[Date "2016.05.18"]
[Round "6"]
[White "Geue, Niklas"]
[Black "Bugdahl, Felix"]
[Result "1-0"]
[Termination "normal"]
[Board "10"]
[WhiteElo "1936"]
[BlackElo "1826"]
[PlyCount "59"]
[WhiteFideId "12961043"]
[BlackFideId "12938092"]
[EventCountry "GER"]
[EventRounds "9"]
[EventType "swiss"]
[EventDate "2016.05.14"]

1. c4 Nf6 2. Nc3 d5 3. cxd5 Nxd5 4. g3 g6 5. Bg2 Nxc3 6. bxc3 Bg7 7. Rb1 Nd7 8.
Nf3 c5 9. O-O O-O 10. c4 Qc7 11. d3 Rb8 12. a4 b6 13. Bd2 Bb7 14. a5 Bc6 15.
axb6 axb6 16. Qc1 Ra8 17. Bh6 Ra2 18. Bxg7 Kxg7 19. Qe3 e6 20. h4 h5 21. Bh3
Rfa8 22. Ng5 Qe5 23. Qxe5+ Nxe5 24. Rxb6 Rxe2 25. f4 Ng4 26. Rxc6 Raa2 27. Rc7
Nf2 28. Bxe6 Ng4 29. Rxf7+ Kg8 30. Ra7+ 1-0